000 00347nam a2200145 i 4500
001 bg
100 1 _aWALENTYNOWICZ, B.
245 0 _aZabezpieczenia silników indukcyjnych /
_cB. Walentynowicz.
250 _aWyd.2.
260 _aWarszawa,
_c1957.
040 _cBPK
041 _apol
942 _cKS
008 s pl f |000 0 pol
999 _c10302
_d10302
856 _uhttp://koha.tu.koszalin.pl/cgi-bin/koha/opac-detail.pl?biblionumber=10302
_yKatalog online BPK